00479nam a22001457a 4500003000900000005001700009008004100026040001300067100001900080245007000099260002000169300001800189490002100207520010500228IT-RoPau20220918181108.0130613b xxu||||| |||| 00| 0 eng d cIT-RoPau aClerico, Carlo aNovene PaolinebAnnotazione musicale a cura del M.o Carlo Clerico aRomabSSPc1960 a31 pp.c18 cm aEdizioni Paoline aIndice Novena a Gesù€ Divino Maestro Novena alla Regina degli Apostoli Novena a San Paolo Apostolo